000 00660nam a2200253Ia 4500
003 OSt
005 20221007074933.0
006 a|||||r|||| 00| 0
007 ta
008 221006b |||||||| |||| 00| 0 eng d
020 _cRs.995/-
024 _a8,294
037 _cTextual
040 _aFLL
_cFLL
_beng
041 _2eng
_aeng
082 _aZ2,2673, P2
100 _aVashishth Vikas Au.
_9693330
245 0 _aIntellectual property in india
250 _a2nd
260 _aNew Delhi
_bBharat law house India
_c2002
300 _a1272p
_ccm.
942 _hZ2,2673, P2
_cTEXL
_2CC
999 _c1154217
_d1154217